00289nam a2200121Ia 45000030006000000080041000060400015000471000014000622450053000762600009001295460012001380050017001500STCL150530s9999 xx 000 0 und d aSTCLcSTCL aAbrams,C. aMans struggle for shelter in an Urbanizing world c1964 aEnglish20220125165442.0